|
|
|
|
| LEADER |
00923nam a22001817a 4500 |
| 003 |
OSt |
| 008 |
100111t xxu||||| |||| 00| 0 eng d |
| 080 |
|
|
|a 340.15(540)
|b MIN
|
| 245 |
|
|
|a The Indian legal system
|c edited by Joseph Minattur
|
| 260 |
|
|
|a Bombay
|b N M Tripathi
|c 1978
|
| 300 |
|
|
|a 683p.
|
| 653 |
|
|
|a Legal system-India
|
| 942 |
|
|
|c BK
|6 _
|
| 999 |
|
|
|c 191505
|d 191505
|
| 952 |
|
|
|0 0
|1 0
|4 0
|6 34015540_MIN3
|7 0
|9 246907
|a SLS
|b SLS
|d 2010-01-11
|o 340.15(540) MIN; 3
|p SLS011372
|r 2010-01-11
|t 4
|w 2010-01-11
|y BK
|
| 952 |
|
|
|0 0
|1 0
|4 0
|6 34015540_MIN2
|7 0
|9 246908
|a SLS
|b SLS
|d 2010-01-11
|l 1
|o 340.15(540) MIN;2
|p SLS011371
|r 2019-03-25
|s 2019-02-22
|t 3
|w 2010-01-11
|y BK
|
| 952 |
|
|
|0 0
|1 0
|4 0
|6 34015540_MIN1
|7 0
|9 246909
|a SLS
|b SLS
|d 2010-01-11
|l 4
|o 340.15(540) MIN;1
|p SLS011370
|r 2019-07-17
|s 2019-01-22
|t 2
|w 2010-01-11
|y BK
|
| 952 |
|
|
|0 0
|1 0
|4 0
|6 34015540_MIN
|7 0
|9 246910
|a SLS
|b SLS
|d 2010-01-11
|l 1
|o 340.15(540) MIN
|p SLS011369
|r 2016-11-04
|s 2016-09-26
|t 1
|w 2010-01-11
|y BK
|